000 00915nam a2200229Ii 4500
003 JO-AjNU
008 230605s9999||||xx |||||||||||||| ||und||
017 _a2007/7/2145
020 _a978-9957-24-296-1
040 _aJO-AjNU
_bara
_erda
_cJO-AjNU
041 _aara
050 1 4 _aLB1027.5.K4222 2008
100 3 _aالخالدي،عطالله فؤاد مؤلف/العلمي،دلال سعد الدين م.مشارك,
_eauthor
_929844
245 0 0 _aالإرشاد المدرسي والجامعي:النظرية والتخطيط
250 _aط1
264 3 1 _aعمان:دار الصفاء للنشر والتوزيع،2008
300 _a198ص
336 _atext
_btxt
_2rdacontent
337 _aunmediated
_bn
_2rdamedia
338 _avolume
_bnc
_2rdacarrier
650 4 _aالتوجيه التربوي-الإرشاد النفسي-الإرشاد الأكاديمي . الطلبة-علم النفس
_929845
999 _aA11758
_c15326
_d15326